000 00321nam a22001337a 4500
020 _a0-340-91799-7
082 _a823
_bWHY/T
100 _aIAN WHYBROW
245 _aTHERE'S A SPELL UP MY NOSE
260 _aLONDON
_bHODDER CHILDRENS BOOKS
_c2000
300 _a64
650 _aCHILDRENS STORY BOOK
_zUNITED KINGDOM
942 _cBK
999 _c57
_d57